Jerusalem ablaze : stories of love and other obsessions /

Bibliographic Details
Main Author: Ortega-Medina, Orlando (Author)
Format: Book
Language:English
Published: London : Cloud Lodge Books, 2017.
Subjects:

MARC

Tag First Indicator Second Indicator Subfields
LEADER 00000cam a2200000Mi 4500
001 in00003945813
005 20180214135914.0
008 170206s2017 enk 000 j eng d
020 |a 9780995465701  |q (HB) 
020 |a 0995465703  |q (HB) 
020 |a 9781526202536  |q (PB) 
020 |a 1526202530  |q (PB) 
035 |a (OCoLC)ocn972288508 
040 |a NLE  |e rda  |c NLE  |d BDX  |d YDX  |d HVL  |d UtOrBLW 
049 |a TXAM 
050 4 |a PS3615.O77  |b J47 2017 
100 1 |a Ortega-Medina, Orlando,  |e author. 
240 1 0 |a Short stories.  |k Selections 
245 1 0 |a Jerusalem ablaze :  |b stories of love and other obsessions /  |c Orlando Ortega-Medina. 
264 1 |a London :  |b Cloud Lodge Books,  |c 2017. 
300 |a 176 pages ;  |c 21 cm. 
336 |a text  |b txt  |2 rdacontent 
337 |a unmediated  |b n  |2 rdamedia 
338 |a volume  |b nc  |2 rdacarrier 
651 0 |a Jerusalem  |v Fiction.  |0 http://id.loc.gov/authorities/subjects/sh2008106075 
650 0 |a Obsessive-compulsive disorder  |v Fiction.  |0 http://id.loc.gov/authorities/subjects/sh2010104136 
650 0 |a Authors.  |0 http://id.loc.gov/authorities/subjects/sh85009793 
945 |b 316002 
947 |a A14850247256 
948 |a cataloged  |b h  |c 2017/11/17  |d c  |e dmitchel  |f 1:10:20 pm 
994 |a 92  |b TXA 
999 f f |s 5ea80f8c-7e52-3794-91f6-b30e73dac3a0  |i 7bbb455f-dafa-382e-ad3a-bc5686b117bc  |t 0 
952 f f |p normal  |a Texas A&M University  |b College Station  |c Sterling C. Evans Library  |d Evans: Library Stacks  |t 0  |e PS3615.O77 J47 2017  |h Library of Congress classification  |i unmediated -- volume  |m A14850247256 
998 f f |a PS3615.O77 J47 2017  |t 0  |l Evans: Library Stacks